La culture en couleurs (5) Rouge - Statistiques

Statistiques générales
  • Ce quiz a été pris 18 005 fois
    17 642 depuis la dernière actualisation
  • Le résultat moyen est 8 sur 20
Statistiques - réponses
Indice Réponse % Correct
Organisation humanitaire d'origine suisse Croix-Rouge
84%
Cabaret parisien et film où brilla Liza Minelli Moulin Rouge
83%
Fleur emblématique des champs de blé et chanson déchirante de Mouloudji Coquelicot
76%
Ville connue pour sa place Rouge Moscou
70%
Produit cosmétique très affecté par l'épidémie de coronavirus Rouge à lèvres
65%
Nom de la sélection nationale de Belgique de football Diables rouges
64%
Etendue d'eau magistralement chantée par Manset Mer Rouge
56%
Molécule qui colore le sang des vertébrés en rouge Hémoglobine
55%
Dignitaire de l'église catholique habillé en rouge Cardinal
54%
Mouvement politique et militaire qui a semé la terreur au Cambodge dans les années 70 Khmers Rouges
46%
Fleur à laquelle on est comparé si notre visage s'empourpre Pivoine
43%
Le dernier de la course Lanterne rouge
32%
Insecte qui a longtemps servi à colorer les tissus en rouge Cochenille
30%
La Toussaint Rouge est une série d'attentats qui ont constitué le prélude à la guerre d'indépendance de ce pays Algérie
24%
Troupes de volontaires emmenées par Garibaldi et qui a participé à l'unité italienne Chemises rouges
15%
Le fameux "ruban rouge" porté à la boutonnière Légion d'Honneur
14%
"Le Cercle rouge" est le dernier film dans lequel joue cet acteur très populaire Bourvil
12%
Autre nom du poisson rouge {Carassin} doré
8%
Plante tinctoriale utilisée notamment pour les uniformes des soldats français de la 1ère guerre mondiale Garance
8%
Organisation de résistance au nazisme, son nom est aussi celui d'un roman et d'un film sur ce même sujet Orchestre Rouge
2%
Aucun quiz correspondant
Distribution des résultats
% des personnes avec chaque résultat
Percentile par nombre de réponses
Votre historique - résultats
Vous n’avez pas pris ce quiz depuis la dernière actualisation